| 000 | 00733cab a22001935a 4500 | ||
|---|---|---|---|
| 001 | L148444 | ||
| 008 | 090918e20090724xxk of 000 0 eng d | ||
| 035 | _a(Sirsi) u148444 | ||
| 041 | 0 | _aeng | |
| 100 | 1 | _aCrosby, Neil | |
| 245 | 0 | 4 | _aThe aims of valuation |
| 260 | _c2009 | ||
| 490 | 0 |
_aProperty Week _v75(30) 24 July 2009, 46-48(3) |
|
| 520 | _aNeil Crosby raises questions about valuation accuracy and property values when property deals are few in number in an abridged version of a paper published by the Investment Property Forum. Readers' responses to RICS valuer accreditation plans are appended. | ||
| 590 | _aKA | ||
| 651 | 4 |
_aUnited Kingdom _y |
|
| 690 | _aPROPERTY-PROPERTY VALUATION AND APPRAISAL | ||
| 942 | _n0 | ||
| 999 |
_c81838 _d81838 |
||